| 000 | 00648nam a2200217 u 4500 | ||
|---|---|---|---|
| 005 | 20220530120058.0 | ||
| 008 | 161020s2005 ea r 000 0 spa d | ||
| 020 | _a140346880X | ||
| 035 | _aUPN01000214057 | ||
| 049 | _aI | ||
| 050 | 4 |
_aQL696 A5.2 _bS6.6 |
|
| 100 | 1 |
_aSpilsbury, Louise _935091 |
|
| 245 | 1 | 3 |
_aEl pato / _cLouise Spilsbury ; tr. Sara Cervantes-Weber. |
| 260 |
_aChicago, E.U.A. : _bHeinemann Library, _c2005. |
||
| 300 |
_a24 p. : _bil. col. |
||
| 440 | 0 | _aCiclos vitales | |
| 440 | 0 | _aLee y aprende | |
| 650 | 4 |
_aPATOS - _vLITERATURA INFANTIL _910192 |
|
| 650 | 2 |
_aAves _xHábitos y comportamiento _94145 |
|
| 905 | _aInfantil | ||
| 999 |
_c186157 _d186157 |
||